000 00308nam a22001337a 4500
008 170619b xxu||||| |||| 00| 0 eng d
020 _a0130651524
041 _aeng
080 _a32
100 _a20
101 _aSHP
245 _aBASIC METHODS OF POLICY ANALYSIS& PLANNING
_cPATTON,C.V
942 _2udc
_cBK
999 _c18024
_d18024